00371nam a2200145Ia 4500008004100000020001500041082001700056100002800073245004300101250000600144260002700150300000800177500002400185650001600209230524s9999 xx 000 0 und d a8187433272 a621.382bCHH aBhupendra Singh Chhabra 0aDigital Electronics and Microprocessor a* aNEW DELHIbDhanpat Rai a526 aQuantity Number: 1 aElectronics